000 00656nam a2200277Ia 4500
005 20260324151006.0
008 008 260324s9999 xx 000 0 eng d
020 _a9781315164861
037 _aEBOOK
040 _aCRL
040 _beng
040 _cCRL
041 _2eng
041 _aeng
084 _qCRL
100 _aJ.F. Rees
_91228349
245 2 _aA Short Fiscal and Financial History of England, 1815-1918
260 _bTaylor and Francis
260 _c1921
365 _a
365 _b205
856 _uhttp://www.taylorfrancis.com/books/9781315164861
942 _cEBOOK
999 _c1838723
_d1838723